| 000 | 00407nam a2200169Ia 4500 | ||
|---|---|---|---|
| 008 | 230524s9999 xx 000 0 und d | ||
| 020 | _a9788126543205 | ||
| 082 | _bWIL | ||
| 100 |
_aWiley India _942339 |
||
| 245 | 0 | _aEngineering Chemistry | |
| 250 | _a2 | ||
| 260 |
_aNew Delhi _bWiley India _c2013 |
||
| 300 | _a"XXXIII,1019p;" | ||
| 500 | _aQuantity Number: 1 | ||
| 650 | _aChemistry | ||
| 942 | _cBK | ||
| 999 |
_c56666 _d56666 |
||